000 00536nam a2200217Ia 4500
003 OSt
005 20220928141631.0
006 a|||||r|||| 00| 0
007 ta
008 220927b |||||||| |||| 00| 0 eng d
024 _a16431
037 _cTextual
040 _aSDCL
_cSDCL
_beng
041 _2eng
_aeng
082 _aO142,3N18:g(W), K9
100 _aLukacs Georg
_9368486
245 0 _aSolzhenitsyn.
260 _c1969
942 _hO142,3N18:g(W), K9
_cTEXL
_2CC
999 _c818784
_d818784